Determanation of the commission in investigation under the tariff act of 1930, together with the information obtained in the investigation

Kaydedildi:
Detaylı Bibliyografya
Materyal Türü: Kitap
Dil:Undetermined
Baskı/Yayın Bilgisi: Washington United States International Trade Commission
Konular:
Etiketler: Etiketle
Etiket eklenmemiş, İlk siz ekleyin!
Thư viện lưu trữ: Trung tâm Học liệu Trường Đại học Cần Thơ
LEADER 00544nam a2200145Ia 4500
001 CTU_98483
008 210402s9999 xx 000 0 und d
082 |a 001.4 
082 |b L716 
245 0 |a Determanation of the commission in investigation under the tariff act of 1930, together with the information obtained in the investigation 
245 0 |c Susan Liebeler ... [et al.] 
260 |a Washington 
260 |b United States International Trade Commission 
650 |a Investigation 
980 |a Trung tâm Học liệu Trường Đại học Cần Thơ